Quizzes
Events
Quiz Creation
Community
Videos
Private Events
Remove Ads
Sign In
Join for FREE
Feedback
Dark Mode
Quiz Categories
Sports
Geography
Music
Movies
Television
Just For Fun
Miscellaneous
History
Literature
Language
Science
Gaming
Entertainment
Religion
Holiday
For Kids
Quiz Lab
Recent
Popular Today
Quiz Kudos Today
Editor Picks
Curator Picks
Quizzes by...
Day
Popularity
Type
Ratings
Length
Year
Community
Subscriptions
Recent Discussions
Orange Saloon
Badges
Playlists
Quests
Create
Leaderboards
Showdown
Live 5
Trivia Bingo
Activity
Puzzle Library
Sporcle Events
Private Events
Virtual Trivia
Globe League
Become a Host
Pub Owners
SporcleCon
Opinionation
Our Games
Videos
Blog
Mobile Apps
Partnerships
Remove Ads and Go Orange
Feedback
Sports
Athletes
MLB
NBA
NHL
NFL
Soccer
Sports Teams
WWE
NCAA
Football
Premier League
Basketball
Baseball
Hockey
Golf
Tennis
Cricket
Rugby
Auto Racing
Olympics
World Cup
Sports
Athletes
MLB
NBA
NHL
NFL
Soccer
Sports Teams
WWE
NCAA
Football
Premier League
Basketball
Baseball
Hockey
Golf
Tennis
Cricket
Rugby
Auto Racing
Olympics
World Cup
Random Quiz
Search Sporcle
×
Curator Pick
Curator Pick
Sports
NFL
Type in answers that appear in a list
Type in answers that appear in a list
Classic
Best Score? Go Orange.
2017 NFL Draft First Round Picks Stats
Can you name the 2017 NFL First Round Draft Picks?
By
sjj038
10m
32 Questions
5,582 Plays
5,582 Plays
5,582 Plays
Comments
Comments
Give Quiz Kudos
Give Quiz Kudos
-
- Ratings
hide this ad
Replay
Link that replays current quiz
Next Quiz
Link to next quiz in quiz playlist
You Got
0%
They Got
Avg Score
60%
Avg Friend Score
Upgrade to see
Score Distribution
Jump to the score distribution portion of the page
Score
0/32
Timer
10:00
0
Plays Today
Team
Pick
% Correct
1. Cleveland Browns
Myles Garrett
93.9%
2. Chicago Bears
Mitchell Trubisky
91.5%
4. Jacksonville Jaguars
Leonard Fournette
82.9%
10. Kansas City Chiefs
Patrick Mahomes
82.4%
12. Houston Texans
Deshaun Watson
81.1%
3. San Francisco 49ers
Solomon Thomas
80%
21. Detroit Lions
Jarrad Davis
78.2%
5. Tennessee Titans
Corey Davis
77%
7. Los Angeles Chargers
Mike Williams
76.8%
6. New York Jets
Jamal Adams
75.3%
8. Carolina Panthers
Christian McCaffrey
73.2%
9. Cincinnati Bengals
John Ross
72.1%
11. New Orleans Saints
Marshon Lattimore
64.9%
25. Cleveland Browns
Jabrill Peppers
60.1%
30. Pittsburgh Steelers
TJ Watt
57.1%
17. Washington Redskins
Jonathan Allen
55.5%
Team
Pick
% Correct
29. Cleveland Browns
David Njoku
54.6%
15. Indianapolis Colts
Malik Hooker
54.1%
19. Tampa Bay Buccaneers
OJ Howard
53.4%
31. San Francisco 49ers
Reuben Foster
52.2%
14. Philadelphia Eagles
Derek Barnett
51.7%
18. Tennessee Titans
Adoree' Jackson
49.1%
23. New York Giants
Evan Engram
47.5%
13. Arizona Cardinals
Haason Reddick
47.4%
28. Dallas Cowboys
Taco Charlton
45.9%
20. Denver Broncos
Garett Bolles
44.7%
16. Baltimore Ravens
Marlon Humphrey
43.7%
27. Buffalo Bills
Tre'Davious White
43.6%
24. Oakland Raiders
Gareon Conley
42.5%
26. Atlanta Falcons
Takkarist McKinley
42.1%
32. New Orleans Saints
Ryan Ramczyk
40.1%
22. Miami Dolphins
Charles Harris
31.2%
Quiz Playlist
Details
Report
Send in Message
Add To Playlist
Classic:
Type in answers that appear in a list
Last Updated: Apr 23, 2020
Curator Pick in
Football
Quiz Scoreboard
CHALLENGE
Sign Up to Join the Scoreboard
Show All
Scores
Hide
Comments
May contain spoilers
Recently Published
Movies - When Are They Set?
by FPL_Elf
Movies
5m
Popular People in 1961
by mucciniale
History
6m
1-10 Letter E Words III
by El_Dandy
Language
2m
More to Explore
Quiz From the Vault
Featured Blog Post
Where Did the Easter Bunny Come From?
hide this ad
You Might Also Like...
Tags
Football Quiz
NFL Quiz
#1 Draft
Draft
Draft Picks
NFL 1st Round Picks
NFL Draft
Rd1 Draft
Top Draft
Today's Top Quizzes in Sports
Browse Sports
hide this ad
Today's Top Quizzes in NFL
Browse NFL
Top Contributed Quizzes in Sports
1
Les meilleurs buteurs des matchs entre le PSG et l’OM
2
FIFA Club World Cup Champions
3
Les entraîneurs de l'OM et du PSG au 21e siècle
4
2022 World Cup Stars
5
Name the Premier League winners with different clubs
6
La finale Lions - Afrique du Sud 2021
7
Criteria MLB: Left Handed Sluggers
8
Les joueurs passés par le LOSC et le RC Lens
9
Players with Multiple 50 Home Run Seasons
10
MLB Players with Two .350 Batting Average Seasons
Explore More
Trending Topics
Kpop
Harry Potter
Disney
Marvel
Crossword
NBA
Anime
Country
The Office
WWE
Puzzle
NFL
Song
Pokémon
Soccer
hide this ad
More By:
sjj038
Quiz
Plays
Rating
Category
Featured
Created
2017 NFL Draft First Round Picks
5,582
5.00
Sports
Apr 27, 2017
2016 NFL Draft First Round Picks
4,069
3.80
Sports
Apr 28, 2016
2018 NFL Draft First Round Picks
2,895
5.00
Sports
Apr 26, 2018
2020 NFL Draft First Round Picks
662
5.00
Sports
Apr 24, 2020
2015 NFL Draft First Round Picks
292
3.00
Sports
Apr 30, 2015
Go to Creator's Profile
Score Distribution
Quiz Creator Spotlight
sjj038
Follow
Send a Message
Quizzes Created
-
Created Quiz Play Count
-
More By This Creator
Popular Quizzes Today
1
Find the Countries of Europe - No Outlines Minefield
2
Find the US States - No Outlines Minefield
3
The Countries of the World
4
Popular People in 1961
5
1-10 Letter E Words III
6
US States
7
Find the US States
8
One Thing in Common: World Cities II
More Sports Quizzes
2018 FIFA World Cup Goalscorers
Curator's Pick
Trending Quizzes
Risky Map Clicking: Least Populous States A-Z
Humor Books: The Subtitles
1-10 Letter F Words
1-10 Letter G Words
One Thing in Common: United Kingdom
Recently Updated
Leaping Animals
pecheneg
Reality TV Shows (A-Z)
bhenderson79
Rickey Henderson's Hall of Fame Teammates
pecheneg
Champions League XIs: Arsenal
pecheneg
Quick Pick: Celebrities in WWE's Hall of Fame
aduchscher
A-Z Keypad Blitz II
pecheneg
Multiple Oscar Actors
pecheneg
Mystery Phrase Blitz: Oscar 'Best Actors'
pecheneg
F. Scott Fitzgerald Novels
LTH
Pick 3 Villains
ddd62291
Trending Topics
Anime
Kpop
NBA
Crossword
Disney
Harry Potter
Marvel
Pokémon
WWE
Song
NFL
Soccer
Country
The Office
Puzzle
Your Account Isn't Verified!
In order to create a playlist on Sporcle, you need to verify the email address you used during registration. Go to your
Sporcle Settings
to finish the process.
Report this User
Report this user for behavior that violates our
Community Guidelines
.
Details:
Send Report
Go to the Sporcle.com Mobile Site →
Comments